000 00517nam a2200229Ia 4500
003 OSt
005 20220912144336.0
006 a|||||r|||| 00| 0
007 ta
008 220909b |||||||| |||| 00| 0 eng d
020 _aSL0459883
024 _a195455
037 _cTextual
040 _aCSL
_beng
_cCSL
041 _aeng
082 _aB75:3, L3
100 _aswarup s
245 0 _aHYDRD DYNAMICS
700 _aswarup s
942 _hB75:3, L3
_cTEXL
_2CC
999 _c5472
_d5472